1743 1789 1520 1767 1382 1166 1207 1408 1994 1492 1166 1414 1544 1825 1077 1783 1769 1005 1732 1512 1007 1136 1413 1039 1951 1722 1697 1722 1794 1098 1228 1691 1452 1285 1470 1298 1475 1692 1979 1294 1264 1045 1152 1200 1313 1818 1180 1538 1205 1816 1620 1152 1548 1983 1576 1454 1293 1801 1267 1392 1300 1121 1719 1112 1481 1599 1041 1195 1596 1115 1455 1012 1070 1194 1814 1918 1796 1594 1698 1439 1634 1280 1790 1265 1654 1559 1951 1857 1385 1358 1637 1313 1315 1948 1613 1193 1424 1923 1950 BCNSPRNW ULIB Ver.6.0+V

เปลี่ยนเป็นภาษาไทย

Change to English
 แสดงรายละเอียดบรรณานุกรม
  กลับหน้าหลัก

Brief Record : Get Marc (ISO 2709) : E-mail record : QR code < ปิดหน้าต่าง
LEADER : 00000nam 2200000uu 4500
001    13399124387
003     ULIB
008    020711s2558 th a 000 0 tha d
020    9786161124632
060    WY106^b492
100    อังค์ริสา พินิจจันทร์
245    การให้บริการสุขภาพที่บ้าน/^cอังค์ริสา พินิจจันทร์
250    พิมพ์ครั้งที่ 1
260    ชัยนาท :^bวิทยาลัยพยาบาลบรมราชชนนี ชัยนาท,^c2558
300    169 หน้า
650    ให้บริกาารสุขภาพ^xที่บ้าน
710    วิทยาลัยพยาบาลบรมราชชนนี ชัยนาท.^bภาควิชาการพยาบาลอนามัยชุมชน
945    ^p150^l0^i039476
รายการนี้ยังไม่มีแท็ก
คุณยังไม่ได้ล็อกอิน คุณสามารถมีกิจกรรมร่วมกับเว็บไซต์ได้ แต่ต้องล็อกอินก่อน ::
  ล็อกอิน

รายการสื่อสารสนเทศ

ลำดับที่ ประเภท เลขเรียก/บาร์โค้ด สถานที่ สถานะ
1. Book การพยาบาล
Book การพยาบาล
WY106 492 ฉ.1 
  Barcode: 039476
ห้องสมุดวิทยาเขตสวรรค์ประชารักษ์
►หนังสือทั่วไป
บนชั้น

BibComment


ยังไม่เคยถูกคอมเมนท์

คอมเมนท์ทรัพยากรรายการนี้
  คอมเมนท์: การให้บริการสุขภา..


 Copyright 2026. Bcnsprnw @Library